000
00285nam a22001337a 4500
008
181207b xxu||||| |||| 00| 0 eng d
020
_a
1882393082
041
_a
eng
080
_a
371
100
_a
46
101
_a
EDU
245
_a
Effective Reporting
_c
Bers,T.H
942
_2
udc
_c
BK
999
_c
53046
_d
53046